Democratic consolidation and human rights in Brazil /
Guardado en:
| Autor principal: | |
|---|---|
| Formato: | Texto |
| Etiquetas: |
Agregar Etiqueta
Sin Etiquetas, Sea el primero en etiquetar este registro!
|
MARC
| LEADER | 00000 a a2200000 04500 | ||
|---|---|---|---|
| 001 | 43084 | ||
| 003 | |||
| 040 | |||
| 100 | |a Pinheiro, Paulo Sergio | ||
| 245 | |a Democratic consolidation and human rights in Brazil / |c Paulo Sergio Pinheiro | ||
| 773 | |g número256 ( , 1998), 34 páginas | ||
| 999 | |c 27900 |d 27900 | ||
